=LDR 00000nam 2200000 4500 =001 INLIS000000000014968 =005 20130612110241 =008 ***********************************Ind** =035 ##$$0010-061300000014968 =041 ##$$a Ind =082 ##$$a 633.83 =090 ##$$a 633.83, Ris k =100 ##$$a Rismunandar =245 ##$$a Kayu Manis, Rismunandar =260 ##$$a 1989 $b JAkarta =300 ##$$a x,104 Hlm, ILus, 21 Cm =650 ##$$a kayu Manis =850 ##$$a NBPNMAT